Franz Ferdinand-Take Me Out (Lyrics) - Statistics

General Stats
  • This quiz has been taken 429 times
    385 since last reset
  • The average score is 184 of 222
Answer Stats
Lyrics % Correct
I
99%
Me
98%
You
97%
(You)
97%
Know
95%
Out
93%
Take
93%
A
91%
Here
88%
Here,
88%
Don’t
86%
If
86%
I’m
83%
So
83%
Be
81%
For
81%
Just
81%
Say,
81%
Say
81%
And
80%
Wait,
80%
You’re
80%
Waiting
79%
With
79%
(With)
79%
Lonely,
78%
Won’t
77%
Leaving
75%
Leave
74%
From
71%
Broken,
70%
Cross-Hair,
70%
Die
70%
We
70%
Away
69%
Shot
66%
Shot,
66%
Can
65%
Shattered
63%
Is
60%
Move
58%
Move,
58%
Oh,
58%
Oh
58%
Then
58%
Lie
56%
Time
56%
To
56%
Show
55%
Want
53%
Slow
47%
This
47%
Could
46%
On,
36%
Come
27%
Eyes
23%
Well,
19%
Wane,
16%
No matching quizzes found
Score Distribution
Percent of People with Each Score
Percentile by Number Answered
Your Score History
You have not taken this quiz since the last reset